Score 0/11 Timer 03:00
3 Plays Today
Mixed Word Answer % Correct
NOYSSON[Y]
98.4%
LEPPAAPP[L]E
93.7%
LEGOGOG[O]OGLE
88.1%
BISHATOTOS[H]IBA
75.7%
FOSIMROCTMICROSOF[T]
73.1%
KONAIN[O]KIA
70.1%
Combine bracketed letters to make what these companies have in common:TECHNOLOGY
62.4%
GUNMASSSAMSUN[G]
62.2%
DONETNNININT[E]NDO
59%
YONASSA[N]YO
56.3%
NASAPOCINPANASONI[C]
32.4%

You're not logged in!

Compare scores with friends on all Sporcle quizzes.
OR
Log In

Sporcle TV

Today on Sporcle TV


Watch our educational content, quiz creation guides, and fun videos on Sporcle TV.

Show Comments

Extras

Top Quizzes Today


Score Distribution

Paid Content

Your Account Isn't Verified!

In order to create a playlist on Sporcle, you need to verify the email address you used during registration. Go to your Sporcle Settings to finish the process.

Report this User

Report this user for behavior that violates our Community Guidelines.

Details: